Платоновские чтения. [Вып. 5]: Материалы VIII Всероссийской конференции молодых историков г. Самара 6-7 декабря 2002 г. (Запись № 481928)

Подробности
000 -МАРКЕР
контрольное поле 01863nam2a2200349 4500
001 - ИДЕНТИФИКАТОР ЗАПИСИ
контрольное поле RU\NLR\bibl\391097
005 - ИДЕНТИФИКАТОР ВЕРСИИ
контрольное поле 20260407083740.0
010 ## - МЕЖДУНАРОДНЫЙ СТАНДАРТНЫЙ НОМЕР КНИГИ (ISBN)
Номер (ISBN) 5-86465-260-1
Тираж 150
021 ## - НОМЕР ГОСУДАРСТВЕННОЙ РЕГИСТРАЦИИ
Код страны Российская Федерация
Номер 2003-15514
Номер Листа государственной регистраци 722
035 ## - ДРУГИЕ СИСТЕМНЫЕ НОМЕРА
Идентификатор записи (NLR Aleph) 000385395
100 ## - ДАННЫЕ ОБЩЕЙ ОБРАБОТКИ
Данные общей обработки 20030417d2003 |||y0rusy50 ca
101 0# - ЯЗЫК РЕСУРСА
Язык текста, звукозаписи и т.д. русский
102 ## - СТРАНА ПУБЛИКАЦИИ ИЛИ ПРОИЗВОДСТВА
Страна публикации Российская Федерация
105 ## - ПОЛЕ КОДИРОВАННЫХ ДАННЫХ: ТЕКСТОВЫЕ МАТЕРИАЛЫ, МОНОГРАФИЧЕСКИЕ
Кодированные данные о монографическом текстовом документе y |||||||||
200 1# - ЗАГЛАВИЕ И СВЕДЕНИЯ ОБ ОТВЕТСТВЕННОСТИ
Основное заглавие Материалы VIII Всероссийской конференции молодых историков г. Самара 6-7 декабря 2002 г.
Первые сведения об ответственности [Редкол.: д.ист.н., проф. П.С. Кабытов (отв. ред.) и др.]
210 ## - ПУБЛИКАЦИЯ, РАСПРОСТРАНЕНИЕ И ДР.
Дата издания, распространения и т.д. 2003
Место издания, распространения и т.д. Б. м.
215 ## - ФИЗИЧЕСКАЯ ХАРАКТЕРИСТИКА
Специфическое обозначение материала и объем 232 с.
300 ## - ОБЩИЕ ПРИМЕЧАНИЯ
Текст примечания В надзаг.: ... С.-Петерб. ин-т истории Рос. акад. наук
320 ## - ПРИМЕЧАНИЯ О НАЛИЧИИ В ДОКУМЕНТЕ БИБЛИОГРАФИИ / УКАЗАТЕЛЯ
Текст примечания Библиогр. в примеч. в конце докл.
461 #0 - УРОВЕНЬ НАБОРА
Встроенное поле 001RU\NLR\bibl\81566
-- 2001#$aПлатоновские чтения$v[Вып. 5]
Системный номер (АБИС) связанной записи 442911
Место публикации Самара
Дата публикации 1999
Первые сведения об ответственности Редкол.: д.ист.н., проф. П.И. Савельев (отв. ред.) и др.]
Имя издателя, распространителя и т.д. Самар. ун-т
Сведения, относящиеся к заглавию [Сб. науч. тр.
Заглавие Платоновские чтения
Номер тома [Вып. 5]
607 ## - ГЕОГРАФИЧЕСКОЕ НАИМЕНОВАНИЕ КАК ПРЕДМЕТ
Географическое наименование СССР
Формальный подзаголовок Съезды, совещания и т.п.
Тематический подзаголовок История
Системный номер авторитетной/нормативной записи 912491
Идентификатор авторитетной/нормативной записи RU\NLR\auth\6613829
607 ## - ГЕОГРАФИЧЕСКОЕ НАИМЕНОВАНИЕ КАК ПРЕДМЕТ
Географическое наименование Россия
Формальный подзаголовок Съезды, совещания и т.п.
Тематический подзаголовок История
Системный номер авторитетной/нормативной записи 1554184
Идентификатор авторитетной/нормативной записи RU\NLR\auth\66979780
686 ## - ИНДЕКСЫ ДРУГИХ КЛАССИФИКАЦИЙ
Индекс Т3(2)я431
702 #1 - ИМЯ ЛИЦА - ВТОРИЧНАЯ ОТВЕТСТВЕННОСТЬ
Код отношения Автор
Материалы, к которым относится поле rus
Графика поля Кириллица
Начальный элемент ввода Кабытов
Часть имени, кроме начального элемента ввода П. С.
Даты 1941-
Расширение инициалов личного имени Петр Серафимович
Идентификатор авторитетной/нормативной записи RU\NLR\auth\776166
Системный номер авторитетной/нормативной записи 116121
711 12 - НАИМЕНОВАНИЕ ОРГАНИЗАЦИИ - АЛЬТЕРНАТИВНАЯ ОТВЕТСТВЕННОСТЬ
Начальный элемент ввода Всероссийская конференция молодых историков
Порядковый номер временной организации и / или порядковый номер ее части 8
Дата проведения временной организации 2002
Место проведения временной организации Самара
Идентификатор авторитетной/нормативной записи RU\NLR\AUTH\8810044676
Системный номер авторитетной/нормативной записи 588766
801 #0 - ИСТОЧНИК ЗАПИСИ
Страна Российская Федерация
Организация NLR
Дата составления 20030417
Правила каталогизации PSBO
801 #1 - ИСТОЧНИК ЗАПИСИ
Страна Российская Федерация
Организация NLR
Дата составления 20030417
942 ## - ДОПОЛНИТЕЛЬНЫЕ ЭЛЕМЕНТЫ ЗАПИСИ (АБИС)
Тип экземпляра АБИС Книга
980 ## - КОЛЛЕКЦИЯ
Название коллекции Национальная библиография
Экземпляры
Тип экземпляра Дата поступления Источник поступления Библиотека постоянного хранения Библиотека текущего хранения Место хранения Шифр хранения Штрих-код Статус экземпляра
Книга 17.04.2003 Обязательный экземпляр РНБ (Московский) РНБ (Московский) Русский книжный фонд: издания с 1957 года 2000-4/681 467171  
Книга 17.04.2003 Обязательный экземпляр РНБ (Московский) РНБ (Московский) Русский книжный фонд: издания с 1957 года 2000-4/681 467178